[Event "9 Round Open"]
[Site "Enniscrone, Sligo, IE"]
[Date "2026.02.05"]
[Round "5"]
[White "Barnes, Oliver"]
[Black "Bienko, Jagoda"]
[Result "1-0"]
[Board "10"]
[WhiteFideId "2517604"]
[BlackFideId "1194569"]
[WhiteElo "2013"]
[BlackElo "1803"]
[WhiteTeam "IRL"]
[BlackTeam "AUT"]
[WhiteClock "0:02:50"]
[BlackClock "0:00:33"]
[Variant "Standard"]

1. d4 {[%clk 1:30:53]}  d5 {[%clk 1:30:51]} 2. Nf3 {[%clk 1:31:17]}  Nf6 {[%clk 1:31:13]} 3. e3 {[%clk 1:31:37]}  e6 {[%clk 1:30:19]} 4. Bd3 {[%clk 1:31:41]}  Bb4+ {[%clk 1:29:24]} 5. Nbd2 {[%clk 1:26:45]}  O-O {[%clk 1:29:04]} 6. O-O {[%clk 1:25:55]}  Nbd7 {[%clk 1:23:33]} 7. b3 {[%clk 1:14:59]}  Bc3 {[%clk 1:13:45]} 8. Rb1 {[%clk 1:15:22]}  c5 {[%clk 1:13:44]} 9. Bb2 {[%clk 1:06:44]}  Bxb2 {[%clk 1:13:19]} 10. Rxb2 {[%clk 1:07:04]}  b6 {[%clk 1:10:52]} 11. c3 {[%clk 1:04:21]}  Bb7 {[%clk 1:10:29]} 12. Qb1 {[%clk 0:55:23]}  h6 {[%clk 1:08:44]} 13. c4 {[%clk 0:45:29]}  cxd4 {[%clk 0:58:57]} 14. exd4 {[%clk 0:44:51]}  Nh5 {[%clk 0:58:33]} 15. Re1 {[%clk 0:42:43]}  Nf4 {[%clk 0:56:51]} 16. Bf1 {[%clk 0:42:46]}  Nf6 {[%clk 0:46:27]} 17. c5 {[%clk 0:39:38]}  bxc5 {[%clk 0:34:50]} 18. dxc5 {[%clk 0:38:48]}  Ne4 {[%clk 0:34:14]} 19. Rc2 {[%clk 0:35:56]}  Nxd2 {[%clk 0:31:00]} 20. Rxd2 {[%clk 0:35:40]}  Rc8 {[%clk 0:24:04]} 21. b4 {[%clk 0:34:05]}  Qf6 {[%clk 0:22:09]} 22. Qb2 {[%clk 0:32:00]}  Qg6 {[%clk 0:18:39]} 23. Qd4 {[%clk 0:30:12]}  Nh3+ {[%clk 0:15:27]} 24. Kh1 {[%clk 0:30:24]}  Ng5 {[%clk 0:15:50]} 25. Ne5 {[%clk 0:29:33]}  Qf6 {[%clk 0:14:50]} 26. f3 {[%clk 0:29:18]}  Qd8 {[%clk 0:11:59]} 27. c6 {[%clk 0:23:52]}  Bxc6 {[%clk 0:11:05]} 28. Qxa7 {[%clk 0:18:16]}  f6 {[%clk 0:09:37]} 29. Nxc6 {[%clk 0:18:30]}  Rxc6 {[%clk 0:09:58]} 30. b5 {[%clk 0:18:23]}  Rb6 {[%clk 0:08:32]} 31. a4 {[%clk 0:16:15]}  Rf7 {[%clk 0:08:12]} 32. Qa5 {[%clk 0:16:38]}  Qb8 {[%clk 0:07:56]} 33. Qb4 {[%clk 0:15:32]}  Rc7 {[%clk 0:03:11]} 34. Rb2 {[%clk 0:13:42]}  Nf7 {[%clk 0:00:46]} 35. a5 {[%clk 0:13:58]}  Rd6 {[%clk 0:00:40]} 36. b6 {[%clk 0:13:22]}  Rcc6 {[%clk 0:00:52]} 37. b7 {[%clk 0:07:43]}  Ne5 {[%clk 0:00:44]} 38. a6 {[%clk 0:06:19]}  Nd7 {[%clk 0:00:46]} 39. Ra1 {[%clk 0:02:50]}  Qa7 {[%clk 0:00:33]} 1-0

[Event "9 Round Open"]
[Site "Enniscrone, Sligo, IE"]
[Date "2026.02.05"]
[Round "5"]
[White "Kim, Jimin"]
[Black "Fathallah, Joe"]
[Result "1-0"]
[Board "11"]
[WhiteFideId "13224271"]
[BlackFideId "1801899"]
[WhiteElo "1776"]
[BlackElo "1956"]
[WhiteTeam "KOR"]
[BlackTeam "WLS"]
[WhiteClock "0:08:37"]
[BlackClock "0:05:45"]
[Variant "Standard"]

1. e4 {[%clk 1:28:52]}  e6 {[%clk 1:30:48]} 2. d4 {[%clk 1:29:14]}  d5 {[%clk 1:31:11]} 3. Nc3 {[%clk 1:29:37]}  Nf6 {[%clk 1:31:22]} 4. Bg5 {[%clk 1:29:23]}  Be7 {[%clk 1:31:44]} 5. e5 {[%clk 1:27:59]}  Nfd7 {[%clk 1:32:10]} 6. h4 {[%clk 1:28:10]}  h6 {[%clk 1:32:34]} 7. Bxe7 {[%clk 1:27:21]}  Qxe7 {[%clk 1:32:56]} 8. f4 {[%clk 1:26:18]}  a6 {[%clk 1:29:30]} 9. Qd2 {[%clk 1:21:29]}  c5 {[%clk 1:28:41]} 10. dxc5 {[%clk 1:19:36]}  Nc6 {[%clk 1:27:18]} 11. Nf3 {[%clk 1:18:28]}  Qxc5 {[%clk 1:21:20]} 12. g4 {[%clk 1:15:53]}  b5 {[%clk 1:19:08]} 13. Bd3 {[%clk 1:12:38]}  Nb6 {[%clk 1:14:58]} 14. Qf2 {[%clk 1:07:45]}  Qxf2+ {[%clk 1:11:38]} 15. Kxf2 {[%clk 1:06:54]}  Bb7 {[%clk 1:06:09]} 16. Rhe1 {[%clk 1:00:26]}  b4 {[%clk 0:59:29]} 17. Ne2 {[%clk 0:59:47]}  Ke7 {[%clk 0:57:50]} 18. Ned4 {[%clk 0:55:43]}  Nxd4 {[%clk 0:53:02]} 19. Nxd4 {[%clk 0:56:03]}  h5 {[%clk 0:52:19]} 20. g5 {[%clk 0:49:11]}  g6 {[%clk 0:52:32]} 21. a3 {[%clk 0:48:24]}  a5 {[%clk 0:45:36]} 22. axb4 {[%clk 0:43:17]}  axb4 {[%clk 0:42:48]} 23. Nb5 {[%clk 0:38:22]}  Rhc8 {[%clk 0:23:34]} 24. Nd6 {[%clk 0:34:08]}  Rc7 {[%clk 0:23:20]} 25. Rxa8 {[%clk 0:33:01]}  Bxa8 {[%clk 0:20:34]} 26. Ra1 {[%clk 0:30:39]}  Bc6 {[%clk 0:19:02]} 27. Ke3 {[%clk 0:23:36]}  Bd7 {[%clk 0:11:56]} 28. b3 {[%clk 0:22:02]}  Nc8 {[%clk 0:10:59]} 29. Nxc8+ {[%clk 0:20:38]}  Bxc8 {[%clk 0:09:59]} 30. Ra4 {[%clk 0:20:41]}  Rb7 {[%clk 0:09:23]} 31. Kd4 {[%clk 0:18:59]}  Bd7 {[%clk 0:09:38]} 32. Ra5 {[%clk 0:16:31]}  Rc7 {[%clk 0:09:25]} 33. Ra6 {[%clk 0:13:10]}  Kd8 {[%clk 0:06:58]} 34. Rb6 {[%clk 0:07:15]}  Ra7 {[%clk 0:07:13]} 35. Kc5 {[%clk 0:07:18]}  Kc7 {[%clk 0:06:33]} 36. Ra6 {[%clk 0:06:34]}  Rb7 {[%clk 0:06:12]} 37. Ra8 {[%clk 0:06:36]}  Bc8 {[%clk 0:04:23]} 38. Ba6 {[%clk 0:06:07]}  Rb8 {[%clk 0:03:59]} 39. Rxb8 {[%clk 0:06:25]}  Kxb8 {[%clk 0:04:22]} 40. Bxc8 {[%clk 0:06:46]}  Kxc8 {[%clk 0:04:49]} 41. Kxb4 {[%clk 0:07:01]}  Kb7 {[%clk 0:04:46]} 42. Kb5 {[%clk 0:07:16]}  Kc7 {[%clk 0:04:56]} 43. b4 {[%clk 0:07:27]}  Kb7 {[%clk 0:05:17]} 44. c3 {[%clk 0:07:53]}  Kc7 {[%clk 0:05:39]} 45. Ka6 {[%clk 0:08:16]}  Kc6 {[%clk 0:05:45]} 46. b5 {[%clk 0:08:37]} 1-0

[Event "9 Round Open"]
[Site "Enniscrone, Sligo, IE"]
[Date "2026.02.05"]
[Round "5"]
[White "Stokes, Stephen"]
[Black "Machin Arbelo, Pedro Alexis"]
[Result "1/2-1/2"]
[Board "12"]
[WhiteFideId "2503530"]
[BlackFideId "2260972"]
[WhiteElo "1875"]
[BlackElo "1950"]
[WhiteTeam "IRL"]
[BlackTeam "ESP"]
[WhiteClock "0:49:36"]
[BlackClock "1:03:28"]
[Variant "Standard"]

1. d4 {[%clk 1:26:07]}  Nf6 {[%clk 1:30:29]} 2. Nf3 {[%clk 1:26:13]}  e6 {[%clk 1:30:40]} 3. c4 {[%clk 1:25:41]}  d5 {[%clk 1:30:19]} 4. g3 {[%clk 1:25:37]}  Be7 {[%clk 1:28:11]} 5. Bg2 {[%clk 1:25:05]}  O-O {[%clk 1:27:58]} 6. O-O {[%clk 1:24:23]}  b6 {[%clk 1:22:43]} 7. cxd5 {[%clk 1:23:17]}  exd5 {[%clk 1:21:38]} 8. Nc3 {[%clk 1:22:42]}  h6 {[%clk 1:19:22]} 9. Ne5 {[%clk 1:19:00]}  Bb7 {[%clk 1:16:12]} 10. Qb3 {[%clk 1:01:29]}  c6 {[%clk 1:03:28]} 11. Be3 {[%clk 0:49:36]} 1/2-1/2

[Event "9 Round Open"]
[Site "Enniscrone, Sligo, IE"]
[Date "2026.02.05"]
[Round "5"]
[White "Ranade, Akshay"]
[Black "Kelbas, Dariy"]
[Result "1-0"]
[Board "13"]
[WhiteFideId "2515270"]
[BlackFideId "34160515"]
[WhiteElo "1723"]
[BlackElo "1866"]
[WhiteTeam "IRL"]
[BlackTeam "UKR"]
[WhiteClock "0:05:08"]
[BlackClock "0:00:38"]
[Variant "Standard"]

1. c4 {[%clk 1:28:39]}  Nf6 {[%clk 1:30:39]} 2. g3 {[%clk 1:24:50]}  g6 {[%clk 1:31:01]} 3. Bg2 {[%clk 1:25:13]}  Bg7 {[%clk 1:31:26]} 4. Nc3 {[%clk 1:25:35]}  O-O {[%clk 1:31:47]} 5. Rb1 {[%clk 1:25:36]}  d6 {[%clk 1:32:00]} 6. d3 {[%clk 1:24:56]}  e5 {[%clk 1:32:01]} 7. Nf3 {[%clk 1:22:58]}  Nc6 {[%clk 1:32:03]} 8. h3 {[%clk 1:16:54]}  Bd7 {[%clk 1:28:21]} 9. O-O {[%clk 1:16:55]}  Qc8 {[%clk 1:27:31]} 10. Kh2 {[%clk 1:17:17]}  h6 {[%clk 1:25:54]} 11. b4 {[%clk 1:13:53]}  a6 {[%clk 1:25:38]} 12. a3 {[%clk 1:06:15]}  Ne7 {[%clk 1:14:49]} 13. Bb2 {[%clk 0:59:45]}  Nh7 {[%clk 1:14:12]} 14. e3 {[%clk 0:46:19]}  Ng5 {[%clk 1:09:33]} 15. Nxg5 {[%clk 0:44:28]}  hxg5 {[%clk 1:09:42]} 16. Ne4 {[%clk 0:43:37]}  f6 {[%clk 1:05:55]} 17. d4 {[%clk 0:40:57]}  exd4 {[%clk 1:04:03]} 18. Qxd4 {[%clk 0:39:10]}  Rf7 {[%clk 1:00:37]} 19. Qd2 {[%clk 0:37:35]}  Bh8 {[%clk 0:57:17]} 20. f4 {[%clk 0:24:27]}  g4 {[%clk 0:45:53]} 21. h4 {[%clk 0:22:59]}  Bf5 {[%clk 0:45:29]} 22. Rbd1 {[%clk 0:22:39]}  Be6 {[%clk 0:36:09]} 23. c5 {[%clk 0:19:31]}  d5 {[%clk 0:34:58]} 24. Nc3 {[%clk 0:19:36]}  f5 {[%clk 0:31:36]} 25. Nxd5 {[%clk 0:18:22]}  Nxd5 {[%clk 0:28:59]} 26. Bxh8 {[%clk 0:18:06]}  Nxf4 {[%clk 0:16:53]} 27. Rxf4 {[%clk 0:16:02]}  Kxh8 {[%clk 0:16:41]} 28. Qc3+ {[%clk 0:15:54]}  Kg8 {[%clk 0:16:35]} 29. Qe5 {[%clk 0:15:49]}  Rb8 {[%clk 0:15:18]} 30. Rfd4 {[%clk 0:15:48]}  Qe8 {[%clk 0:13:59]} 31. Bxb7 {[%clk 0:14:13]}  Re7 {[%clk 0:03:04]} 32. Qf6 {[%clk 0:13:22]}  Bf7 {[%clk 0:03:27]} 33. Bc6 {[%clk 0:13:24]}  Qf8 {[%clk 0:03:15]} 34. Qg5 {[%clk 0:13:34]}  Kg7 {[%clk 0:02:25]} 35. Kg2 {[%clk 0:12:53]}  a5 {[%clk 0:01:50]} 36. b5 {[%clk 0:10:04]}  Re5 {[%clk 0:02:02]} 37. Rd7 {[%clk 0:09:56]}  Rbe8 {[%clk 0:01:04]} 38. h5 {[%clk 0:09:46]}  R5e6 {[%clk 0:01:09]} 39. R1d5 {[%clk 0:07:25]}  Qh8 {[%clk 0:00:45]} 40. Rxf5 {[%clk 0:05:39]}  Rf8 {[%clk 0:00:53]} 41. Bd5 {[%clk 0:05:02]}  Rxe3 {[%clk 0:00:38]} 42. Qxg6# {[%clk 0:05:08]} 1-0

[Event "9 Round Open"]
[Site "Enniscrone, Sligo, IE"]
[Date "2026.02.05"]
[Round "5"]
[White "Armstrong, Chris"]
[Black "McGill, Derek"]
[Result "0-1"]
[Board "14"]
[WhiteFideId "2510340"]
[BlackFideId "2510375"]
[WhiteElo "1648"]
[BlackElo "1853"]
[WhiteTeam "IRL"]
[BlackTeam "IRL"]
[WhiteClock "0:19:43"]
[BlackClock "0:35:02"]
[Variant "Standard"]

1. e4 {[%clk 1:22:59]}  c6 {[%clk 1:30:42]} 2. d4 {[%clk 1:22:33]}  d5 {[%clk 1:31:06]} 3. e5 {[%clk 1:21:17]}  c5 {[%clk 1:29:43]} 4. dxc5 {[%clk 1:20:30]}  Nc6 {[%clk 1:28:46]} 5. Bb5 {[%clk 1:19:54]}  e6 {[%clk 1:26:31]} 6. Be3 {[%clk 1:19:50]}  Nge7 {[%clk 1:24:14]} 7. a3 {[%clk 1:19:40]}  Bd7 {[%clk 1:23:52]} 8. Bxc6 {[%clk 1:19:28]}  Nxc6 {[%clk 1:21:28]} 9. Nf3 {[%clk 1:18:53]}  Qc7 {[%clk 1:16:43]} 10. Bd4 {[%clk 1:17:39]}  Nxd4 {[%clk 1:16:12]} 11. Qxd4 {[%clk 1:16:43]}  Bxc5 {[%clk 1:10:38]} 12. Qd2 {[%clk 1:15:27]}  Bc6 {[%clk 1:04:38]} 13. O-O {[%clk 1:12:24]}  a5 {[%clk 1:01:58]} 14. Re1 {[%clk 1:11:20]}  O-O {[%clk 0:59:00]} 15. c3 {[%clk 1:09:30]}  Qb6 {[%clk 0:56:55]} 16. Nd4 {[%clk 1:07:33]}  Bd7 {[%clk 0:53:47]} 17. a4 {[%clk 0:58:49]}  Rfc8 {[%clk 0:53:11]} 18. h3 {[%clk 0:49:37]}  Bxd4 {[%clk 0:50:36]} 19. cxd4 {[%clk 0:49:01]}  Rc4 {[%clk 0:50:45]} 20. Rd1 {[%clk 0:48:41]}  Bxa4 {[%clk 0:47:31]} 21. Na3 {[%clk 0:42:14]}  Rb4 {[%clk 0:47:08]} 22. Nc2 {[%clk 0:38:08]}  Bxc2 {[%clk 0:43:26]} 23. Qxc2 {[%clk 0:37:49]}  h6 {[%clk 0:41:12]} 24. Rac1 {[%clk 0:35:51]}  Rxb2 {[%clk 0:39:19]} 25. Qa4 {[%clk 0:31:39]}  Qb5 {[%clk 0:37:53]} 26. Qxb5 {[%clk 0:31:12]}  Rxb5 {[%clk 0:38:20]} 27. Rc7 {[%clk 0:29:02]}  a4 {[%clk 0:37:24]} 28. Rdc1 {[%clk 0:29:08]}  a3 {[%clk 0:37:36]} 29. Rc8+ {[%clk 0:28:58]}  Rxc8 {[%clk 0:37:57]} 30. Rxc8+ {[%clk 0:29:24]}  Kh7 {[%clk 0:38:14]} 31. Ra8 {[%clk 0:29:34]}  Rb1+ {[%clk 0:38:05]} 32. Kh2 {[%clk 0:29:57]}  Rb3 {[%clk 0:38:21]} 33. Ra7 {[%clk 0:28:48]}  Kg6 {[%clk 0:37:50]} 34. f3 {[%clk 0:27:52]}  b5 {[%clk 0:37:58]} 35. Kg3 {[%clk 0:26:37]}  b4 {[%clk 0:34:44]} 36. Ra4 {[%clk 0:24:46]}  Rb2 {[%clk 0:37:47]} 37. h4 {[%clk 0:24:30]}  a2 {[%clk 0:36:18]} 38. f4 {[%clk 0:21:10]}  h5 {[%clk 0:35:26]} 39. Kf3 {[%clk 0:20:29]}  Rb3+ {[%clk 0:35:04]} 40. Kf2 {[%clk 0:19:43]}  Ra3 {[%clk 0:35:02]} 0-1

[Event "9 Round Open"]
[Site "Enniscrone, Sligo, IE"]
[Date "2026.02.05"]
[Round "5"]
[White "Ashbrooke, Monika"]
[Black "Dolan, Peter"]
[Result "1/2-1/2"]
[Board "15"]
[WhiteFideId "15600262"]
[BlackFideId "2413612"]
[WhiteTitle "WCM"]
[WhiteElo "1628"]
[BlackElo "1781"]
[WhiteTeam "JCI"]
[BlackTeam "SCO"]
[WhiteClock "0:16:07"]
[BlackClock "0:13:30"]
[Variant "Standard"]

1. d4 {[%clk 1:30:57]}  Nf6 {[%clk 1:30:54]} 2. Nf3 {[%clk 1:31:04]}  d5 {[%clk 1:31:07]} 3. g3 {[%clk 1:31:17]}  e6 {[%clk 1:30:37]} 4. Bg2 {[%clk 1:31:09]}  c5 {[%clk 1:30:40]} 5. O-O {[%clk 1:30:05]}  cxd4 {[%clk 1:30:02]} 6. Nxd4 {[%clk 1:30:23]}  Nc6 {[%clk 1:30:02]} 7. c4 {[%clk 1:29:35]}  Bc5 {[%clk 1:29:04]} 8. e3 {[%clk 1:22:40]}  O-O {[%clk 1:28:09]} 9. cxd5 {[%clk 1:22:41]}  exd5 {[%clk 1:27:09]} 10. Nb3 {[%clk 1:21:33]}  Be7 {[%clk 1:23:00]} 11. Nc3 {[%clk 1:18:30]}  Be6 {[%clk 1:22:44]} 12. Nd4 {[%clk 1:18:09]}  Qb6 {[%clk 1:18:24]} 13. Nxe6 {[%clk 1:14:59]}  fxe6 {[%clk 1:18:20]} 14. Qe2 {[%clk 1:08:17]}  Rac8 {[%clk 1:15:27]} 15. Bh3 {[%clk 1:04:14]}  Ne5 {[%clk 1:07:49]} 16. Na4 {[%clk 0:56:00]}  Qc6 {[%clk 1:03:09]} 17. f4 {[%clk 0:50:10]}  Nf7 {[%clk 0:59:05]} 18. b3 {[%clk 0:46:07]}  b5 {[%clk 0:50:56]} 19. Nb2 {[%clk 0:45:52]}  Bb4 {[%clk 0:40:53]} 20. Nd3 {[%clk 0:43:02]}  Bc3 {[%clk 0:40:09]} 21. Bb2 {[%clk 0:42:25]}  Bxb2 {[%clk 0:39:35]} 22. Qxb2 {[%clk 0:42:32]}  Qb6 {[%clk 0:38:05]} 23. Qd4 {[%clk 0:40:28]}  Qxd4 {[%clk 0:34:37]} 24. exd4 {[%clk 0:40:53]}  Nd8 {[%clk 0:34:34]} 25. Nc5 {[%clk 0:40:59]}  Rc6 {[%clk 0:32:25]} 26. Rac1 {[%clk 0:35:33]}  Re8 {[%clk 0:30:07]} 27. b4 {[%clk 0:35:03]}  Re7 {[%clk 0:28:14]} 28. Rfe1 {[%clk 0:33:01]}  Kf7 {[%clk 0:28:05]} 29. f5 {[%clk 0:31:05]}  exf5 {[%clk 0:27:43]} 30. Rxe7+ {[%clk 0:30:40]}  Kxe7 {[%clk 0:27:57]} 31. Bxf5 {[%clk 0:29:01]}  Kf7 {[%clk 0:25:25]} 32. Re1 {[%clk 0:28:03]}  g6 {[%clk 0:24:30]} 33. Bd3 {[%clk 0:26:45]}  a6 {[%clk 0:24:51]} 34. h3 {[%clk 0:26:19]}  Ne6 {[%clk 0:24:00]} 35. Nxe6 {[%clk 0:20:13]}  Rxe6 {[%clk 0:24:19]} 36. Kf2 {[%clk 0:17:05]}  Rxe1 {[%clk 0:18:37]} 37. Kxe1 {[%clk 0:17:06]}  Nh5 {[%clk 0:17:58]} 38. Kf2 {[%clk 0:17:12]}  Kf6 {[%clk 0:18:05]} 39. Kf3 {[%clk 0:17:01]}  Ng7 {[%clk 0:18:21]} 40. Bc2 {[%clk 0:16:20]}  Ne6 {[%clk 0:17:50]} 41. Ke3 {[%clk 0:16:19]}  Kg5 {[%clk 0:13:30]} 42. Bb3 {[%clk 0:16:07]} 1/2-1/2

[Event "9 Round Open"]
[Site "Enniscrone, Sligo, IE"]
[Date "2026.02.05"]
[Round "5"]
[White "Collins, Adam"]
[Black "Saine, Zachary"]
[Result "1-0"]
[Board "16"]
[WhiteFideId "2512300"]
[BlackFideId "2624346"]
[WhiteTitle "FM"]
[WhiteElo "2312"]
[BlackElo "2149"]
[WhiteTeam "IRL"]
[BlackTeam "CAN"]
[WhiteClock "0:04:39"]
[BlackClock "0:22:15"]
[Variant "Standard"]

1. Nf3 {[%clk 1:29:36]}  Nf6 {[%clk 1:20:49]} 2. g3 {[%clk 1:29:39]}  b5 {[%clk 1:21:14]} 3. Bg2 {[%clk 1:29:34]}  Bb7 {[%clk 1:21:40]} 4. Na3 {[%clk 1:29:43]}  a6 {[%clk 1:21:41]} 5. c4 {[%clk 1:29:58]}  e6 {[%clk 1:21:33]} 6. b3 {[%clk 1:26:33]}  bxc4 {[%clk 1:11:16]} 7. Nxc4 {[%clk 1:22:50]}  c5 {[%clk 1:11:06]} 8. O-O {[%clk 1:22:06]}  d5 {[%clk 1:10:08]} 9. Nce5 {[%clk 1:21:57]}  Bd6 {[%clk 1:09:58]} 10. Bb2 {[%clk 1:19:15]}  O-O {[%clk 1:09:09]} 11. d4 {[%clk 1:15:20]}  Nbd7 {[%clk 1:01:30]} 12. Nxd7 {[%clk 1:04:36]}  Nxd7 {[%clk 1:00:59]} 13. Rc1 {[%clk 1:01:21]}  Rc8 {[%clk 0:59:59]} 14. dxc5 {[%clk 0:57:35]}  Nxc5 {[%clk 0:57:48]} 15. Ne5 {[%clk 0:50:04]}  f6 {[%clk 0:56:01]} 16. Nd3 {[%clk 0:49:25]}  Qe7 {[%clk 0:55:30]} 17. Nxc5 {[%clk 0:29:03]}  Rxc5 {[%clk 0:54:23]} 18. Rxc5 {[%clk 0:28:46]}  Bxc5 {[%clk 0:54:47]} 19. Qd3 {[%clk 0:25:56]}  Rd8 {[%clk 0:53:02]} 20. Rc1 {[%clk 0:24:17]}  Qd6 {[%clk 0:49:28]} 21. Bd4 {[%clk 0:21:06]}  Ba3 {[%clk 0:49:33]} 22. Rc2 {[%clk 0:20:50]}  e5 {[%clk 0:48:29]} 23. Be3 {[%clk 0:21:13]}  Bc8 {[%clk 0:45:06]} 24. Qxd5+ {[%clk 0:20:53]}  Be6 {[%clk 0:44:36]} 25. Qxd6 {[%clk 0:20:43]}  Rxd6 {[%clk 0:45:00]} 26. Bb7 {[%clk 0:18:14]}  Bf5 {[%clk 0:34:18]} 27. Rd2 {[%clk 0:17:34]}  a5 {[%clk 0:34:44]} 28. Rxd6 {[%clk 0:12:56]}  Bxd6 {[%clk 0:35:12]} 29. Bb6 {[%clk 0:09:14]}  Bb4 {[%clk 0:35:31]} 30. a3 {[%clk 0:09:29]}  Bxa3 {[%clk 0:35:17]} 31. Bxa5 {[%clk 0:09:57]}  Bb2 {[%clk 0:35:40]} 32. Bd5+ {[%clk 0:08:11]}  Kf8 {[%clk 0:36:06]} 33. Bb4+ {[%clk 0:08:32]}  Ke8 {[%clk 0:36:31]} 34. Bc5 {[%clk 0:08:53]}  Kd7 {[%clk 0:35:22]} 35. b4 {[%clk 0:08:03]}  Bd4 {[%clk 0:31:23]} 36. Bxd4 {[%clk 0:06:56]}  exd4 {[%clk 0:31:48]} 37. Kf1 {[%clk 0:07:10]}  Kd6 {[%clk 0:27:06]} 38. Bc4 {[%clk 0:07:27]}  Be4 {[%clk 0:27:24]} 39. Ke1 {[%clk 0:06:47]}  g5 {[%clk 0:23:29]} 40. Kd2 {[%clk 0:06:53]}  g4 {[%clk 0:21:49]} 41. Bd3 {[%clk 0:07:01]}  f5 {[%clk 0:22:15]} 42. e3 {[%clk 0:04:39]} 1-0

[Event "9 Round Open"]
[Site "Enniscrone, Sligo, IE"]
[Date "2026.02.05"]
[Round "5"]
[White "Melling, Jonathon"]
[Black "Smith, Lynda"]
[Result "1-0"]
[Board "17"]
[WhiteFideId "841790"]
[BlackFideId "1800191"]
[BlackTitle "WCM"]
[WhiteElo "1878"]
[BlackElo "1822"]
[WhiteTeam "IRL"]
[BlackTeam "WLS"]
[WhiteClock "0:18:54"]
[BlackClock "0:38:54"]
[Variant "Standard"]

1. d4 {[%clk 1:29:57]}  f5 {[%clk 1:24:59]} 2. Bf4 {[%clk 1:30:21]}  Nf6 {[%clk 1:25:25]} 3. e3 {[%clk 1:30:47]}  e6 {[%clk 1:25:44]} 4. Nf3 {[%clk 1:31:12]}  b6 {[%clk 1:25:39]} 5. Be2 {[%clk 1:31:23]}  Bb7 {[%clk 1:25:45]} 6. h3 {[%clk 1:31:47]}  Be7 {[%clk 1:25:07]} 7. c4 {[%clk 1:31:28]}  O-O {[%clk 1:25:03]} 8. Nc3 {[%clk 1:31:30]}  Ne4 {[%clk 1:23:56]} 9. O-O {[%clk 1:27:59]}  d6 {[%clk 1:23:22]} 10. Nd2 {[%clk 1:21:22]}  Nxd2 {[%clk 1:21:22]} 11. Qxd2 {[%clk 1:21:14]}  Nd7 {[%clk 1:21:10]} 12. Rad1 {[%clk 1:13:23]}  a6 {[%clk 1:18:39]} 13. Bh2 {[%clk 1:12:30]}  Qe8 {[%clk 1:14:42]} 14. Rfe1 {[%clk 0:58:10]}  Qg6 {[%clk 1:13:26]} 15. Bf1 {[%clk 0:58:33]}  Rf6 {[%clk 1:09:25]} 16. f4 {[%clk 0:42:26]}  Qh6 {[%clk 1:06:00]} 17. e4 {[%clk 0:35:47]}  fxe4 {[%clk 0:55:21]} 18. Nxe4 {[%clk 0:35:58]}  Rg6 {[%clk 0:54:55]} 19. g3 {[%clk 0:19:52]}  Rf8 {[%clk 0:50:49]} 20. Bg2 {[%clk 0:20:05]}  d5 {[%clk 0:42:53]} 21. Nf2 {[%clk 0:20:02]}  c5 {[%clk 0:38:54]} 22. Ng4 {[%clk 0:18:54]} 1-0

[Event "9 Round Open"]
[Site "Enniscrone, Sligo, IE"]
[Date "2026.02.05"]
[Round "5"]
[White "Salmin, Vitaliy"]
[Black "Webb, Nick"]
[Result "1/2-1/2"]
[Board "18"]
[WhiteFideId "34147885"]
[BlackFideId "2517302"]
[WhiteElo "1802"]
[BlackElo "1876"]
[WhiteTeam "IRL"]
[BlackTeam "IRL"]
[WhiteClock "0:01:51"]
[BlackClock "0:07:29"]
[Variant "Standard"]

1. e4 {[%clk 1:13:30]}  c5 {[%clk 1:30:54]} 2. d4 {[%clk 1:13:55]}  cxd4 {[%clk 1:29:40]} 3. c3 {[%clk 1:12:26]}  dxc3 {[%clk 1:29:31]} 4. Nxc3 {[%clk 1:12:51]}  Nc6 {[%clk 1:29:45]} 5. Nf3 {[%clk 1:13:15]}  e6 {[%clk 1:29:20]} 6. Bc4 {[%clk 1:13:40]}  d6 {[%clk 1:26:59]} 7. O-O {[%clk 1:14:03]}  Nf6 {[%clk 1:27:06]} 8. Qe2 {[%clk 1:14:11]}  Be7 {[%clk 1:25:31]} 9. Rd1 {[%clk 1:14:35]}  Bd7 {[%clk 1:15:10]} 10. Bf4 {[%clk 1:14:09]}  e5 {[%clk 1:11:51]} 11. Bg5 {[%clk 1:14:34]}  Bg4 {[%clk 1:10:52]} 12. Nb5 {[%clk 1:06:13]}  a6 {[%clk 1:08:38]} 13. Bxf6 {[%clk 1:04:25]}  gxf6 {[%clk 1:06:36]} 14. Nc3 {[%clk 1:00:58]}  Nd4 {[%clk 1:01:18]} 15. Qe3 {[%clk 0:55:11]}  Rc8 {[%clk 0:55:34]} 16. Bb3 {[%clk 0:43:08]}  Rg8 {[%clk 0:55:27]} 17. Rxd4 {[%clk 0:36:42]}  Bxf3 {[%clk 0:52:47]} 18. Rd3 {[%clk 0:28:32]}  Bxg2 {[%clk 0:52:00]} 19. Qh6 {[%clk 0:26:57]}  Bxe4+ {[%clk 0:51:19]} 20. Rg3 {[%clk 0:27:15]}  Rxg3+ {[%clk 0:49:01]} 21. hxg3 {[%clk 0:27:18]}  Bg6 {[%clk 0:45:53]} 22. Nd5 {[%clk 0:27:22]}  Kd7 {[%clk 0:38:52]} 23. a4 {[%clk 0:26:11]}  Rc5 {[%clk 0:37:15]} 24. Qe3 {[%clk 0:19:56]}  Qa5 {[%clk 0:36:01]} 25. Rd1 {[%clk 0:18:24]}  Bc2 {[%clk 0:33:43]} 26. Bxc2 {[%clk 0:12:20]}  Rxc2 {[%clk 0:32:53]} 27. Qb3 {[%clk 0:12:08]}  Rd2 {[%clk 0:24:14]} 28. Qxb7+ {[%clk 0:11:26]}  Ke6 {[%clk 0:24:33]} 29. Nf4+ {[%clk 0:01:45]}  exf4 {[%clk 0:24:08]} 30. Re1+ {[%clk 0:02:01]}  Kf5 {[%clk 0:21:19]} 31. Qe4+ {[%clk 0:01:57]}  Kg5 {[%clk 0:21:14]} 32. gxf4+ {[%clk 0:01:04]}  Kh6 {[%clk 0:21:10]} 33. Qxe7 {[%clk 0:00:53]}  Qf5 {[%clk 0:20:25]} 34. Qxf7 {[%clk 0:00:38]}  Qg4+ {[%clk 0:15:54]} 35. Kf1 {[%clk 0:01:07]}  Qxf4 {[%clk 0:15:49]} 36. Qf8+ {[%clk 0:00:59]}  Kg6 {[%clk 0:14:59]} 37. Qg8+ {[%clk 0:01:09]}  Kh6 {[%clk 0:12:26]} 38. Qf8+ {[%clk 0:01:38]}  Kh5 {[%clk 0:11:12]} 39. Qf7+ {[%clk 0:02:07]}  Kg4 {[%clk 0:09:05]} 40. Qg7+ {[%clk 0:01:28]}  Kf5 {[%clk 0:07:42]} 41. Qxh7+ {[%clk 0:01:40]}  Kg5 {[%clk 0:07:54]} 42. Qg7+ {[%clk 0:01:51]}  Kf5 {[%clk 0:07:29]} 1/2-1/2

[Event "9 Round Open"]
[Site "Enniscrone, Sligo, IE"]
[Date "2026.02.05"]
[Round "5"]
[White "Prado, Alexandra"]
[Black "Konig, Jon"]
[Result "1-0"]
[Board "19"]
[WhiteFideId "3301346"]
[BlackFideId "343468780"]
[WhiteTitle "WCM"]
[WhiteElo "1924"]
[BlackElo "1661"]
[WhiteTeam "BOL"]
[BlackTeam "ENG"]
[WhiteClock "0:45:32"]
[BlackClock "1:08:11"]
[Variant "Standard"]

1. e4 {[%clk 1:29:45]}  d5 {[%clk 1:30:50]} 2. exd5 {[%clk 1:29:45]}  Qxd5 {[%clk 1:31:17]} 3. Nc3 {[%clk 1:29:22]}  Qd8 {[%clk 1:31:38]} 4. Nf3 {[%clk 1:28:36]}  Nf6 {[%clk 1:32:03]} 5. g3 {[%clk 1:28:27]}  Bf5 {[%clk 1:31:46]} 6. Bg2 {[%clk 1:28:42]}  c6 {[%clk 1:32:06]} 7. O-O {[%clk 1:28:58]}  e6 {[%clk 1:32:26]} 8. d3 {[%clk 1:28:24]}  Be7 {[%clk 1:32:32]} 9. Nh4 {[%clk 1:26:48]}  Bg6 {[%clk 1:31:47]} 10. Nxg6 {[%clk 1:26:48]}  hxg6 {[%clk 1:32:14]} 11. Qe2 {[%clk 1:26:14]}  Nbd7 {[%clk 1:32:13]} 12. a4 {[%clk 1:24:23]}  a5 {[%clk 1:30:14]} 13. Bd2 {[%clk 1:19:24]}  Nb6 {[%clk 1:27:40]} 14. Rfe1 {[%clk 1:12:14]}  O-O {[%clk 1:26:38]} 15. Bf3 {[%clk 1:12:12]}  Qc7 {[%clk 1:24:10]} 16. Kg2 {[%clk 1:12:03]}  Rfe8 {[%clk 1:23:51]} 17. h4 {[%clk 1:11:59]}  Nh7 {[%clk 1:17:05]} 18. Rh1 {[%clk 1:07:28]}  g5 {[%clk 1:14:12]} 19. hxg5 {[%clk 1:00:41]}  Nxg5 {[%clk 1:13:58]} 20. Bf4 {[%clk 0:56:42]}  Qd7 {[%clk 1:13:41]} 21. Be4 {[%clk 0:54:59]}  g6 {[%clk 1:09:52]} 22. Be5 {[%clk 0:45:54]}  Nh7 {[%clk 1:08:12]} 23. Rxh7 {[%clk 0:45:32]}  Kxh7 {[%clk 1:07:01]} 24. Rh1+ {[%clk 0:45:32]}  Kg8 {[%clk 1:08:11]} 25. Rh4 {[%clk 0:45:32]} 1-0